<?xml version="1.0" encoding="UTF-8"?><?xml-stylesheet type="text/xsl" href="static/style.xsl"?><OAI-PMH xmlns="http://www.openarchives.org/OAI/2.0/" xmlns:xsi="http://www.w3.org/2001/XMLSchema-instance" xsi:schemaLocation="http://www.openarchives.org/OAI/2.0/ http://www.openarchives.org/OAI/2.0/OAI-PMH.xsd"><responseDate>2026-04-27T21:29:01Z</responseDate><request verb="GetRecord" identifier="oai:uvadoc.uva.es:10324/4528" metadataPrefix="marc">https://uvadoc.uva.es/oai/request</request><GetRecord><record><header><identifier>oai:uvadoc.uva.es:10324/4528</identifier><datestamp>2024-12-16T09:47:33Z</datestamp><setSpec>com_10324_30605</setSpec><setSpec>com_10324_894</setSpec><setSpec>col_10324_41</setSpec></header><metadata><record xmlns="http://www.loc.gov/MARC21/slim" xmlns:doc="http://www.lyncode.com/xoai" xmlns:xsi="http://www.w3.org/2001/XMLSchema-instance" xmlns:dcterms="http://purl.org/dc/terms/" xsi:schemaLocation="http://www.loc.gov/MARC21/slim http://www.loc.gov/standards/marcxml/schema/MARC21slim.xsd">
<leader>00925njm 22002777a 4500</leader>
<datafield tag="042" ind1=" " ind2=" ">
<subfield code="a">dc</subfield>
</datafield>
<datafield tag="720" ind1=" " ind2=" ">
<subfield code="a">Fuente Pérez, Sergio De La</subfield>
<subfield code="e">author</subfield>
</datafield>
<datafield tag="260" ind1=" " ind2=" ">
<subfield code="c">2014</subfield>
</datafield>
<datafield tag="520" ind1=" " ind2=" ">
<subfield code="a">A pesar de la importancia del Ca2+ como segundo mensajero intracelular, aun existen discrepancias en la literatura sobre los niveles de Ca2+ que se alcanzan en el interior de la mitocondria tras un estímulo fisiológico. En esta tesis se ha realizado una comparativa detallada de los diferentes métodos de medida del Ca2+mitocondrial y además se han desarrollado nuevos métodos de medida para dicho Ca2+. Gracias a estas nuevas técnicas hemos podido realizar un estudio exhaustivo de los flujos de entrada y salida del Ca2+, tanto en células HeLa intactas como permeabilizadas. Hemos esclarecido algunos puntos tales como la dependencia de Ca2+ de la apertura del poro de transición de permeabilidad, la relación intramitocondrial entre Ca2+-libre/Ca2+ ligado, el efecto del fosfato en los niveles de Ca2+ mitocondriales o la dependencia d la salida del Ca2+ mitocondrial con el Na+ citosólico.</subfield>
</datafield>
<datafield tag="024" ind2=" " ind1="8">
<subfield code="a">http://uvadoc.uva.es/handle/10324/4528</subfield>
</datafield>
<datafield tag="024" ind2=" " ind1="8">
<subfield code="a">b1671691</subfield>
</datafield>
<datafield tag="024" ind2=" " ind1="8">
<subfield code="a">10.35376/10324/4528</subfield>
</datafield>
<datafield ind1=" " ind2=" " tag="653">
<subfield code="a">Mitocondrias</subfield>
</datafield>
<datafield ind1=" " ind2=" " tag="653">
<subfield code="a">Calcio en el organismo</subfield>
</datafield>
<datafield tag="245" ind1="0" ind2="0">
<subfield code="a">New approaches to the study of mitochondrial Ca2+ dynamic</subfield>
</datafield>
</record></metadata></record></GetRecord></OAI-PMH>